00670nam a2200133Ia 4500001001100000008004100011100003500052245019300087260004300280300002200323502010100345700003700446710005300483Para_10450220602s9999 xx 000 0 und d aMartínez Huasanche, Fernando aControl biológico de nemátodos asociados al cultivo del amaranto (Amaranthus hypochondriacus L.) en Cuapiaxtla, Tlaxcala / Fernando Martínez Huasanche; Director Juvencio Cuevas Ojeda a260)ChapingoChapingo, Méx.: el autor a1 CDS ROM (91 p.) aTesis (Ing. Agr. Esp. Parasitología Agrícola). UACH. Departamento Parasitología Agrícola aCuevas Ojeda, Juvencio. Director aUACH Departamento Parasitología AgrícolaÌ